Grootste Landen naar Bevolking - Statistieken

Algemene statistieken
  • Deze quiz is 176 keer genomen
  • De gemiddelde score is 20 van 24
Antwoordstatistieken
Bevolking Land % Correct
1434 mil China
100%
1420 mil India
100%
145 mil Rusland
99%
342 mil Verenigde Staten
98%
216 mil Brazilië
97%
128 mil Mexico
92%
67.4 mil Frankrijk
91%
83.3 mil Duitsland
90%
276 mil Indonesië
90%
124 mil Japan
90%
237 mil Pakistan
81%
68.1 mil Verenigd Koninkrijk
81%
112 mil Egypte
80%
100 mil Democratische Republiek Congo
78%
88.7 mil Iran
78%
220 mil Nigeria
78%
60.1 mil Zuid-Afrika
78%
172 mil Bangladesh
75%
85.5 mil Turkije
72%
71.7 mil Thailand
71%
98.4 mil Vietnam
66%
124 mil Ethiopië
60%
116 mil Filipijnen
56%
66.1 mil Tanzania
53%
Geen overeenkomende quizzen gevonden
Scoreverdeling
Procent van Mensen met Elke Score
Percentiel versus Aantal Correcte Antwoorden
Uw Scoregeschiedenis
U heeft deze quiz nog niet genomen